000 00417nam a2200169Ia 4500
008 230524s9999 xx 000 0 und d
020 _a0195695011
082 _a621.382
_bSAT
100 _aPrasanta Kumar Satpathy
245 0 _aBasic Electrical Engineering
250 _a1ST
260 _aNEW DELHI
_bOxford
_c2008
300 _aXII;323
500 _aQuantity Number: 115
650 _aElectrical
942 _cBK
999 _c39693
_d39693